Chemical engineering kinetics (Record no. 6589)

000 -LEADER
fixed length control field 00510nam a2200193 4500
001 - CONTROL NUMBER
control field 6589
003 - CONTROL NUMBER IDENTIFIER
control field BD-DhUET
008 - FIXED-LENGTH DATA ELEMENTS--GENERAL INFORMATION
fixed length control field 700825s1970 nyua b 001 0 eng
040 ## - CATALOGING SOURCE
Transcribing agency 0
Modifying agency BD-DhUET
Original cataloging agency DLC
082 00 - DEWEY DECIMAL CLASSIFICATION NUMBER
Classification number 541.39
Item number SMI/1970
100 ## - MAIN ENTRY--PERSONAL NAME
Personal name Smith, J. M.
245 10 - TITLE STATEMENT
Title Chemical engineering kinetics
250 ## - EDITION STATEMENT
Edition statement 2nd ed.
260 ## - PUBLICATION, DISTRIBUTION, ETC. (IMPRINT)
Place of publication, distribution, etc. New York
Name of publisher, distributor, etc. McGraw-Hill
Date of publication, distribution, etc. 1970
300 ## - PHYSICAL DESCRIPTION
Extent xviii, 612p.
Other physical details ill.
490 0# - SERIES STATEMENT
Series statement McGraw-Hill chemical engineering series
650 #0 - SUBJECT ADDED ENTRY--TOPICAL TERM
Topical term or geographic name as entry element Kinetics : Physical chemistry
942 ## - ADDED ENTRY ELEMENTS (KOHA)
Koha item type General Book
Holdings
Withdrawn status Location (home branch) Not for loan Lost status Sublocation or collection (holding branch) Copy number Koha normalized classification for sorting Koha item type Piece designation (barcode) Source of classification or shelving scheme Damaged status Shelving location Date acquired Koha date last seen Koha full call number Price effective from
 Central Library, BUET  Central Library, BUET1541_390000000000000_SMI_1970General Book84576  Circulation section2014-12-042014-12-04541.39/SMI/19702014-12-04
 Central Library, BUET  Central Library, BUET2541_390000000000000_SMI_1970General Book29865  Circulation section2014-12-122014-12-12541.39/SMI/19702014-12-12
 Central Library, BUET  Central Library, BUET3541_390000000000000_SMI_1970General Book29867  Circulation section2014-12-122014-12-12541.39/SMI/19702014-12-12
 Central Library, BUET  Central Library, BUET4541_390000000000000_SMI_1970General Book29863  Circulation section2014-12-122014-12-12541.39/SMI/19702014-12-12
 Central Library, BUET  Central Library, BUET5541_390000000000000_SMI_1970General Book29871  Circulation section2015-03-112015-03-11541.39/SMI/19702015-03-11
 Central Library, BUET  Central Library, BUET6541_390000000000000_SMI_1970General Book29868  Circulation section2015-03-142015-03-14541.39/SMI/19702015-03-14
 Central Library, BUET  Central Library, BUET7541_390000000000000_SMI_1970General Book37045  Circulation section2015-03-142015-03-14541.39/SMI/19702015-03-14
 Central Library, BUET  Central Library, BUET8541_390000000000000_SMI_1970General Book29869  Circulation section2015-04-232015-04-23541.39/SMI/19702015-04-23
 Central Library, BUET  Central Library, BUET9541_390000000000000_SMI_1970General Book29859  Circulation section2015-04-232015-04-23541.39/SMI/19702015-04-23
 Central Library, BUET  Central Library, BUET10541_390000000000000_SMI_1970General Book29870  Circulation section2015-04-262015-04-26541.39/SMI/19702015-04-26
 Central Library, BUET  Central Library, BUET11541_390000000000000_SMI_1970General Book29861  Circulation section2015-04-262015-04-26541.39/SMI/19702015-04-26
 Central Library, BUET  Central Library, BUET12541_390000000000000_SMI_1970General Book25967  Circulation section2015-04-272015-04-27541.39/SMI/19702015-04-27
 Central Library, BUET  Central Library, BUET13541_390000000000000_SMI_1970General Book29860  Circulation section2015-04-272015-04-27541.39/SMI/19702015-04-27
 Central Library, BUET  Central Library, BUET14541_390000000000000_SMI_1970Reading Item29862  Reading section2015-06-082015-06-08541.39/SMI/19702015-06-08
 Central Library, BUET  Central Library, BUET15541_390000000000000_SMI_1970Reading Item29866  Reading section2015-06-082015-06-08541.39/SMI/19702015-06-08
 Central Library, BUET  Central Library, BUET16541_390000000000000_SMI_1970Reading Item29872  Reading section2015-06-082015-06-08541.39/SMI/19702015-06-08
 Central Library, BUET  Central Library, BUET17541_390000000000000_SMI_1970Reading Item29864  Reading section2015-06-082015-06-08541.39/SMI/19702015-06-08